Statistiken für Schweizer Kantone nach Bevölkerungsdichte

Klicken Sie hier um das Quiz zu spielen!

Allgemein

  • Dieses Quiz wurde 64 mal gespielt
  • Das Durchschnittsergebnis liegt bei 23 aus 26

Antwortstatistiken

Einwohner pro Km2Kanton% Korrekt
935,3Zürich
100%
2.060Genf
98%
178,6Bern
96%
263,7St. Gallen
95%
5.324Basel Stadt
93%
291,3Luzern
93%
34,8Uri
91%
562,1Basel Land
89%
28,2Graubünden
89%
128,2Tessin
89%
66,8Wallis
89%
621,7Zug
89%
497,5Aargau
88%
190,5Schwyz
88%
204,6Freiburg
86%
87,9Jura
86%
288,8Waadt
86%
79,3Obwalden
82%
278,7Schaffhausen
82%
351Solothurn
82%
180,3Nidwalden
80%
327,8Thurgau
80%
60Glarus
79%
245,4Neuenburg
79%
227,8Appenzell Ausserhoden
73%
94,5Appenzell Innerhoden
73%

Verteilung der Resultate

Perzentil nach korrekt beantworteten Fragen

Anzahl Personen mit jedem Resultat

Ihre Resultats-Entwicklung

Sie haben dieses Quiz noch nicht gespielt